Statistics for ScHoolboy Q Charting Songs (Billboard Hot 100)

Click here to take the quiz!

General Stats

  • This quiz has been taken 5 times
  • The average score is 9 of 11

Answer Stats

AlbumWeeks OnPeakArtist(s)Song% Correct
The Heist22 Weeks#15Macklemore & Ryan Lewis ft. ScHoolboy Q & HollisWhite Walls
100%
Aquarius24 Weeks#24Tinashe ft. ScHoolboy Q2 On
100%
Blank Face LP20 Weeks#40ScHoolboy Q ft. Kanye WestTHat Part
100%
Black Panther: The Album5 Weeks#49ScHoolboy Q, 2 Chainz & SaudiX
100%
Oxymoron8 Weeks#92ScHoolboy Q ft. Kendrick LamarCollard Greens
100%
Oxymoron20 Weeks#38ScHoolboy Q ft. BJ the Chicago KidStudio
67%
CrasH Talk2 Weeks#55ScHoolboy QNumb Numb Juice
67%
Oxymoron13 Weeks#62ScHoolboy QMan of the Year
67%
CrasH Talk1 Week#67ScHoolboy Q ft. 21 SavageFloating
67%
CrasH Talk1 Week#85ScHoolboy Q & Travi$ ScottCHopstix
67%
At. Long. Last. A$AP2 Weeks#80A$AP Rocky ft. ScHoolboy QElectric Body
33%

Score Distribution

Percentile by Number Answered

Percent of People with Each Score

Your Score History

You have not taken this quiz